El estudio comparado de las religiones (Record no. 119700)

MARC details
000 -LEADER
campo de control de longitud fija 00835nam a2200217 i 4500
001 - NÚMERO DE CONTROL
campo de control 119700
003 - IDENTIFICADOR DE NÚMERO DE CONTROL
campo de control ES-MaACL
005 - FECHA Y HORA DE LA ÚLTIMA TRANSACCIÓN
campo de control 20250728113739.0
007 - CAMPO FIJO DE DESCRIPCIÓN FÍSICA--INFORMACIÓN GENERAL
campo de control de longitud fija t|
008 - DATOS DE LONGITUD FIJA--INFORMACIÓN GENERAL
campo de control de longitud fija 070214m19401945sp r ||||1| spa d
100 1# - ENTRADA PRINCIPAL--NOMBRE DE PERSONA
Nombre de persona Pinard de la Boullaye, H.
9 (RLIN) 92072
245 13 - MENCIÓN DEL TÍTULO
Título El estudio comparado de las religiones
Resto del título : ensayo crítico /
Mención de responsabilidad, etc. H. Pinard de la Boullaye ; versión de Florentín G. de Andóin y Teodoro Martínez.
260 ## - PUBLICACIÓN, DISTRIBUCIÓN, ETC.
Lugar de publicación, distribución, etc. Madrid :
Nombre del editor, distribuidor, etc. Razón y Fé,
Fecha de publicación, distribución, etc. 1940-1945.
300 ## - DESCRIPCIÓN FÍSICA
Extensión 2 v. ;
Dimensiones 28 cm.
505 8# - NOTA DE CONTENIDO CON FORMATO
Nota de contenido con formato Contiene: I. Historia en el mundo occidental 547 p., 1 lám. II. Sus métodos- 522 pág. + 1 lám
650 04 - PUNTO DE ACCESO ADICIONAL DE MATERIA--TÉRMINO DE MATERIA
Término de materia o nombre geográfico como elemento de entrada Religiones-
Subdivisión general Historia
9 (RLIN) 16823
700 1# - ENTRADA AGREGADA--NOMBRE PERSONAL
Nombre de persona García de Andóin, Florentín.
9 (RLIN) 54402
700 1# - ENTRADA AGREGADA--NOMBRE PERSONAL
Nombre de persona Martínez, Teodoro.
9 (RLIN) 77809
852 ## - LOCALIZACIÓN
Ubicación ES-MaACL
Número de control de estantería P-884
Sublocalización o colección R.18757
Holdings
Estatus retirado Estado de pérdida Estado de daño No para préstamo Biblioteca de origen Biblioteca actual Ubicación en estantería Fecha de adquisición Fuente de adquisición Total de préstamos Signatura topográfica completa Código de barras Visto por última vez Precio de reemplazo Tipo de ítem Koha
        Biblioteca del Ateneo de Madrid Biblioteca del Ateneo de Madrid Depósito 2 17/01/2008     P-884 1124768 23/02/2023 23/02/2023 Libro impreso